00467nam a2200181Ia 4500003000400000005001700004008004100021020002200062040000700084041000800091082002300099100002200122245007100144260003200215300001200247365001300259650001300272OSt20230411154928.0210423s2003 xx 000 0 und d a978-0-099-44878-5 cAL aeng a895.635 223bMURH aMURAKAMI (Haruki) aHard boiled wonderland and the end of the worldcBIRNBAUM (Alfred) aLondonbVintage Booksc2003 a400bPB b599cINR aJapanese